|
|
|
|
| LEADER |
01207nam a22002417a 4500 |
| 001 |
32227 |
| 003 |
BD-DhAAL |
| 005 |
20171009112352.0 |
| 008 |
171009s2007 bg a|||| |||| 00| 0 ben d |
| 999 |
|
|
|c 38410
|d 38410
|
| 040 |
|
|
|a BD-DhAAL
|d BD-DhAAL
|
| 082 |
|
|
|2 22
|a 954.9205
|
| 100 |
|
|
|a মল্লিক, এ. আর
|9 3827
|
| 245 |
|
|
|a আমার জীবন কথা ও বাংলাদেশের মুক্তিসংগ্রাম /
|c এ. আর মল্লিক
|
| 260 |
|
|
|a ঢাকা :
|b আগামী প্রকাশনী,
|c ২০০৭
|
| 300 |
|
|
|a ৩৩৫ পৃ. :
|b চিত্র ;
|c 22 সে.মি.
|
| 526 |
|
|
|a AAL
|
| 541 |
|
|
|e 32227
|
| 650 |
|
|
|a Bangladesh
|x History
|x Revolution
|y 1971
|9 2750
|
| 852 |
|
|
|a Ayesha Abed Library
|c General Stacks
|
| 942 |
|
|
|2 ddc
|c BK
|
| 952 |
|
|
|0 0
|1 0
|2 ddc
|4 0
|6 954_920500000000000_MAL
|7 0
|9 61496
|a BRACUL
|b BRACUL
|c BNC
|d 2017-10-04
|e Development Book Agency
|g 297.50
|l 0
|o 954.9205 MAL
|p 3010032226
|r 2017-10-04
|t 1
|v 350.00
|w 2017-10-04
|y BK
|
| 952 |
|
|
|0 0
|1 0
|2 ddc
|4 0
|6 954_920500000000000_MAL
|7 0
|9 61528
|a BRACUL
|b BRACUL
|c BNC
|d 2017-10-04
|e Development Book Agency
|g 297.50
|l 1
|m 17
|o 954.9205 MAL
|p 3010032227
|r 2018-03-28
|s 2017-11-28
|t 2
|v 350.00
|w 2017-10-04
|y BK
|